000 00592nam a2200193Ia 4500
003 OSt
005 20251014150909.0
008 220923b |||||||| |||| 00| 0 eng d
037 _cReference
040 _aRTL
_cRTL
_beng
041 _2eng
_aeng
084 _aV73:19(MVY).N87, M7/SC
_qRTL
100 _aKrutskikh, Andrei.
_9117870
245 0 _aUS militarism
260 _aAhmedabad
_bAllied pub.
_c1987
300 _a170 p.
_ccm.
_bIncludes bibliographical references and index.
942 _hV73:19(Mv4).N87, M7/SC
_cREF
_2CC
_n0
999 _c475244
_d475244